Enhypen - Statistiques

Statistiques générales
  • Ce quiz a été pris 765 fois
  • Le résultat moyen est 7 sur 11
Statistiques - réponses
Hint Réponse % Correct
Leader Jungwon
94%
Maknae Ni-ki
93%
Agence Hybe
89%
Membre associé à un cerf Heeseung
81%
Couleur de cheveux de Sunghoon dans Blessed-Cursed Blond
77%
Provenance du groupe I-Land
65%
Leur premier comeback Given-Taken
59%
Signe astrologique de Sunoo Cancer
46%
Leur premier album Border: Day One
45%
Compléter la phrase "Walk the line, ..." I hate that line
31%
Date de sortie de Bite Me Mai 2023
13%
Aucun quiz correspondant
Distribution des résultats
% des personnes avec chaque résultat
Percentile par nombre de réponses
Votre historique - résultats
Vous n’avez pas pris ce quiz